Reflexiones sobre el concepto de Derecho en el Ecuador y América Latina /

Detalles Bibliográficos
Otros Autores: Morales Ordóñez, Juan (Editor)
Formato: Electrónico eBook
Lenguaje:español
Publicado: Cuenca, Ecuador : Universidad del Azuay, Casa Editora, [2022]
Colección:Homo (Universidad del Azuay, Casa Editora)
Materias:
Acceso en línea:Digitalia Hispánica

MARC

LEADER 00000nam a2200000 i 4500
001 DIGUAZUAY0155
003 NyNyDIG
007 cr |||||||||||
008 251209s2022 ec ob 000 0 spa d
006 m o d
035 |a (OCoLC)1439002630 
040 |a DGITA  |b eng  |e rda  |e pn  |c DGITA 
020 |a 9789942847713  |q eBook 
020 |z 9789942847706 
043 |a s-ec---  |a cl----- 
050 1 4 |a K235 ebook 
245 0 0 |a Reflexiones sobre el concepto de Derecho en el Ecuador y América Latina /  |c Juan Morales Ordóñez, editor. 
264 1 |a Cuenca, Ecuador :  |b Universidad del Azuay, Casa Editora,  |c [2022] 
300 |a 1 online resource. 
336 |a text  |b txt  |2 rdacontent 
337 |a computer  |b c  |2 rdamedia 
338 |a online resource  |b cr  |2 rdacarrier 
347 |a text file  |2 rdaft 
347 |b PDF 
490 1 |a Homo 
504 |a Includes bibliographical references. 
588 0 |a Online resource; title from PDF title page (Digitalia, viewed December 9, 2025) 
650 0 |a Law  |x Philosophy  |z Ecuador. 
650 0 |a Law  |x Philosophy  |z Latin America. 
700 1 |a Morales Ordóñez, Juan,  |e editor. 
791 2 |a Digitalia (Firm),  |e distributor. 
793 0 |g Digitalia eBook Collection:  |a Universidad del Azuay 
776 0 8 |i Print version:  |t Reflexiones sobre el concepto de Derecho en el Ecuador y América Latina.  |d Cuenca, Ecuador : Universidad del Azuay, Casa Editora, [2022]  |z 9789942847706 
830 0 |a Homo (Universidad del Azuay, Casa Editora) 
856 4 0 |3 Digitalia Hispánica  |u https://www.digitaliapublishing.com/a/133540/ 
910 |a Premium collection: 2025